000 01373nam2a22002291 4500
001 rc\4125772
005 20250611002110.0
035 _a(NLR Aleph) 007983321
090 _a8533339
_c8533339
100 _a20130415d1947 |||y0rusy50 ca
101 0 _arus
102 _aRU
105 _ay z |||||
200 1 _aПроизводство авиационных двигателей Мерлин, организованное в Англии фирмой Форд
210 _d1947
_aБ. м.
461 0 _1001rc\4125771
_12001#$aНовости технологии$eПереводы. Рефераты. Обзоры$e1-$fМ-во авиац. промышленности СССР. Науч.-исслед. ин-т технологии и организации производства [авиац. промышленности (НИАТ)]$v1
_98533338
_cМосква
_d1947
_fМ-во авиац. промышленности СССР. Науч.-исслед. ин-т технологии и организации производства [авиац. промышленности (НИАТ)]
_nтиполит. НИИ Оргавиапром
_oПереводы. Рефераты. Обзоры : 1-
_tНовости технологии
_v1
700 1 _aОэйтс
801 0 _aRU
_bNLR
_gpsbo
801 1 _aRU
_bELAR
_2rusmarc
852 _aNLR
_jТ92 Г-6/53
942 _cBOOK
980 _aNB